LEADER 00843cam0 2200265 450 001 E600200062917 005 20160427115317.0 100 $a20100414d1970 |||||ita|0103 ba 101 $aita 102 $aIT 200 1 $aSocrate$fEva Cantarella 210 $aTorino$cUnione Tipografico-Editrice$d1970 215 $a9 p.$d20 cm 300 $a(mm) 300 $aEstr. da: Novissimo Digesto Italiano 700 1$aCantarella$b, Eva$3AF00011403$4070$0144284 801 0$aIT$bUNISOB$c20160427$gRICA 850 $aUNISOB 852 $aUNISOB$jFondo|Casavola|Opusc$m148323 912 $aE600200062917 940 $aM 102 Monografia moderna SBN 941 $aM 957 $aFondo|Casavola|Opusc$b000495$gSi$d148323$hCasavola$rdono$1menle$2UNISOB$3UNISOB$420100414083352.0$520160427115317.0$6petrellap 996 $aSocrate$91705193 997 $aUNISOB